000 01127nam0a22003251 4500
001 RU\NLR\BIBL_A\022023477
005 20250625091318.0
035 _a(NLR Aleph) 022023477
090 _a12519310
_c12519310
100 _a20230912d1889 |||y0rusy50 ca
101 0 _arus
102 _aRU
105 _ay z |||a|
181 0 _ai
_baxxe
182 0 _an
200 1 _aSvenska parnassen. Ett urval ur sveriges klassika literatur
_futg. av dr. Ernst Meyer
203 _aТекст
_bвизуальный
_cнепосредственный
210 _aStockholm
_cFahlcrantz & Co
_d1889
215 _d18
316 _aЭкз. РНБ (106/458): Из Отделения "Библиотека всемирной литературы"
_5NLR: 106/458
700 1 _aMeyer
_bE.
_f1854-1914
_gErnst
801 0 _aRU
_bNLR
801 1 _aRU
_bNLR
_2rusmarc
830 _aЭкз. "Всемирной лит." описан по карточке каталога Отделения "Б-ка всемирной лит."
852 _aNLR
_j106/458
942 _cBOOK
980 _aNB
980 _aWL